000 01107nam a22002657a 4500
005 20120607121225.0
008 080915t xxu||||| |||| 00| 0 hin d
010 _a
020 _c90.00
_a817138028x
035 _aB-33569
037 _b
040 _aDPL
_bHN
082 _a613
100 _925136
_aशर्मा, शशि
245 _aएक ही सुख निरोगी काया /
_cशशि शर्मा
246 _aEk hi sukh nirogi kaya
_bby Shashi Sharma
260 _aनई दिल्ली
_bसामयिक प्रकाशन
_c2000
270 _a3320-21, जटवाड़ा, नेताजी सुभाष मार्ग, दरियागंज
_bनई दिल्ली
_e110002
300 _a80पृ
_c22सेमी (सजिल्द)
_bसचित्र
650 _91169
700 _925138
700 _925157
942 _adpl
_cHN
_2ddc
_mशर्माश
_h613
_k613शर्माश
999 _c67627
_d67627